Statistics for Every Raptors Player Ever that has Passed Away

Click here to take the quiz!

General Stats

  • This quiz has been taken 3 times
  • The average score is 2 of 5

Answer Stats

DateAgePlayer% Correct
1/31/201838Rasual Butler
100%
1/23/202039Robert Archibald
67%
7/6/201845Clifford Rozier
33%
7/1/201147Bob McCann
0%
10/15/201540Nate Huffman
0%

Score Distribution

Percentile by Number Answered

Percent of People with Each Score

Your Score History

You have not taken this quiz